000 01062nam a22002297a 4500
005 20250805085059.0
006 a|||||r|||||||||||
008 250805b |||||||| |||| 00| 0 eng d
020 _a0471137723
040 _aGR-AtMCL
_dGR-AtMCL
_beng
_eAACR2
100 _aCohen, Daniel I. A.,
_d1946-
_99943
245 1 0 _aIntroduction to computer theory /
_cDaniel I.A. Cohen.
250 _a2nd ed.
260 _aNew York :
_bWiley,
_cc1997.
300 _axiv, 634 p. :
_bill. ;
_c27 cm.
504 _aIncludes bibliographical references (p. 619-620) and index.
520 _aThis text strikes a good balance between rigor and an intuitive approach to computer theory. Covers all the topics needed by computer scientists with a sometimes humorous approach that reviewers found "refreshing." The goal of the book is to provide a firm understanding of the principles and the big picture of where computer theory fits into the field.
650 0 _aElectronic digital computers
_xProgramming.
_99894
650 0 _aComputing
_99851
942 _cBK
999 _c9866
_d9866